The complete guide to referencing and avoiding plagiarism ./ (Record no. 8743)
[ view plain ]
| 000 -LEADER | |
|---|---|
| fixed length control field | 00851nam a22001697a 4500 |
| 005 - DATE AND TIME OF LATEST TRANSACTION | |
| control field | 20220221131543.0 |
| 008 - FIXED-LENGTH DATA ELEMENTS--GENERAL INFORMATION | |
| fixed length control field | 220221b ||||| |||| 00| 0 eng d |
| 020 ## - INTERNATIONAL STANDARD BOOK NUMBER | |
| International Standard Book Number | 9780335262038 |
| 050 ## - LIBRARY OF CONGRESS CALL NUMBER | |
| Classification number | PN171.F56N41 |
| 100 ## - MAIN ENTRY--PERSONAL NAME | |
| 9 (RLIN) | Neville,Colin. |
| 245 ## - TITLE STATEMENT | |
| Title | The complete guide to referencing and avoiding plagiarism ./ |
| Statement of responsibility, etc. | Colin Neville. |
| 260 ## - PUBLICATION, DISTRIBUTION, ETC. | |
| Place of publication, distribution, etc. | London.; |
| Name of publisher, distributor, etc. | McGraw hill education, |
| Date of publication, distribution, etc. | 2016. |
| 300 ## - PHYSICAL DESCRIPTION | |
| Extent | x,229 pages.: |
| Dimensions | 24cm. |
| 500 ## - GENERAL NOTE | |
| General note | Includes references and index |
| 505 ## - FORMATTED CONTENTS NOTE | |
| Formatted contents note | Contents : The 'shock' of referencing -- Why reference ? -- What to reference -- When to reference -- Plagiarism -- Referencing and writing -- Referencing and the digital world -- Referencing styles ( introduction) -- Harvard and other name-date referencing styles -- Numerical referencing styles -- Referencing examples -- Frequently asked questions |
| 942 ## - ADDED ENTRY ELEMENTS (KOHA) | |
| Source of classification or shelving scheme | Library of Congress Classification |
| Koha item type | Books |
| Withdrawn status | Lost status | Source of classification or shelving scheme | Damaged status | Not for loan | Collection code | Home library | Current library | Shelving location | Date acquired | Full call number | Barcode | Date last seen | Copy number | Price effective from | Koha item type |
|---|---|---|---|---|---|---|---|---|---|---|---|---|---|---|---|
| Library of Congress Classification | Non-fiction | WISCONSIN INTERNATIONAL UNIVERSITY COLLEGE, GHANA - MAIN LIBRARY | WISCONSIN INTERNATIONAL UNIVERSITY COLLEGE, GHANA - MAIN LIBRARY | Reference | 21/02/2022 | PN171.F56N41 | 9107/556/22 | 21/02/2022 | 1 | 21/02/2022 | Books |
